000
00249nam a2200097Ia 4500
001
807723
005
20250826171236.0
008
250824s9999 xx 000 0 und d
245
0
_a
YASEMİNLER TÜTER Mİ HALA
_c
ALEV ALATLI
260
_b
EVEREST YAYINLARI
999
_c
807723
_d
807723